[Event "English Open Championship"]
[Site "Kenilworth"]
[Date "2023.05.27"]
[Round "4.9"]
[White "Wells, Peter K"]
[Black "Yoon, Jacob D"]
[Result "1/2-1/2"]
[WhiteElo "2356"]
[BlackElo "2035"]
[PlyCount "51"]
[EventDate "2023.05.26"]
[EventType "swiss"]
[EventRounds "7"]
[EventCountry "ENG"]
[SourceTitle "BritBase"]
[Source "John Saunders"]
[SourceDate "2023.05.30"]
[SourceVersion "1"]
[SourceVersionDate "2023.05.30"]
[SourceQuality "1"]

1. d4 d5 2. c4 Nc6 3. Nf3 Bg4 4. Nc3 e6 5. Bg5 f6 6. cxd5 exd5 7. Bf4 g5 8. Bd2
Qd7 9. e3 h5 10. Bd3 Nge7 11. Na4 b6 12. Rc1 h4 13. h3 Bf5 14. Bxf5 Qxf5 15.
Ng1 Qe4 16. f3 Qe6 17. Ne2 Nf5 18. O-O Bb4 19. e4 Bxd2 20. Qxd2 Nfe7 21. Nac3
O-O-O 22. Rfe1 Qd7 23. exd5 Nxd5 24. Nxd5 Qxd5 25. Qc2 Kb7 26. Red1 1/2-1/2

[Event "English Open Championship"]
[Site "Kenilworth"]
[Date "2023.05.27"]
[Round "4.10"]
[White "Finn, Peter"]
[Black "Ashton, Adam G"]
[Result "1/2-1/2"]
[WhiteElo "2127"]
[BlackElo "2344"]
[PlyCount "63"]
[EventDate "2023.05.26"]
[EventType "swiss"]
[EventRounds "7"]
[EventCountry "ENG"]
[SourceTitle "BritBase"]
[Source "John Saunders"]
[SourceDate "2023.05.30"]
[SourceVersion "1"]
[SourceVersionDate "2023.05.30"]
[SourceQuality "1"]

1. d4 d5 2. Nf3 Nf6 3. g3 e6 4. Bg2 Be7 5. O-O O-O 6. c4 dxc4 7. Na3 Bxa3 8.
bxa3 Nbd7 9. a4 a5 10. Ba3 Re8 11. Rc1 Nb6 12. Ne5 Nfd5 13. e4 Nb4 14. Nxc4
Nxc4 15. Bxb4 Nb2 16. Qb3 axb4 17. Qxb2 Rxa4 18. Rc4 c6 19. Rxb4 Qa5 20. Rxa4
Qxa4 21. Bf3 Rd8 22. Rd1 Qa5 23. Qb3 h6 24. Kg2 Qc7 25. Qb4 e5 26. d5 cxd5 27.
exd5 Bf5 28. d6 Qc2 29. Re1 e4 30. Bxe4 Bxe4+ 31. Rxe4 Qc6 32. Qc4 1/2-1/2

[Event "English Open Championship"]
[Site "Kenilworth"]
[Date "2023.05.27"]
[Round "4.12"]
[White "Seymour, Timothy P"]
[Black "Haydon, David L"]
[Result "1/2-1/2"]
[WhiteElo "2094"]
[BlackElo "2253"]
[PlyCount "37"]
[EventDate "2023.05.26"]
[EventType "swiss"]
[EventRounds "7"]
[EventCountry "ENG"]
[SourceTitle "BritBase"]
[Source "John Saunders"]
[SourceDate "2023.05.30"]
[SourceVersion "1"]
[SourceVersionDate "2023.05.30"]
[SourceQuality "1"]

1. Nf3 Nf6 2. c4 g6 3. d4 Bg7 4. e3 d5 5. cxd5 Nxd5 6. e4 Nb6 7. a4 a5 8. Bb5+
c6 9. Be2 Bg4 10. Nbd2 N8d7 11. O-O O-O 12. h3 Bxf3 13. Nxf3 e5 14. dxe5 Nxe5
15. Nxe5 Bxe5 16. Be3 Qc7 17. f4 Rfd8 18. Qb3 Bd4 19. Kh1 1/2-1/2

[Event "English Open Championship"]
[Site "Kenilworth"]
[Date "2023.05.27"]
[Round "4.13"]
[White "Ansari, Athar"]
[Black "Bradbury, Neil H"]
[Result "0-1"]
[WhiteElo "1886"]
[BlackElo "2215"]
[PlyCount "106"]
[EventDate "2023.05.26"]
[EventType "swiss"]
[EventRounds "7"]
[EventCountry "ENG"]
[SourceTitle "BritBase"]
[Source "John Saunders"]
[SourceDate "2023.05.30"]
[SourceVersion "1"]
[SourceVersionDate "2023.05.30"]
[SourceQuality "1"]

1. d4 Nf6 2. Nf3 b6 3. Bf4 Bb7 4. e3 c5 5. Be2 g6 6. O-O Bg7 7. Nbd2 O-O 8. c3
d6 9. Rc1 Nbd7 10. b4 Nd5 11. bxc5 Nxf4 12. exf4 bxc5 13. Rb1 Qc7 14. Re1 Nb6
15. Nb3 Rac8 16. Rc1 Nd5 17. g3 cxd4 18. cxd4 Nc3 19. Qd2 Nxe2+ 20. Qxe2 Qd7
21. Nbd2 e6 22. Qe3 Bd5 23. Qa3 Qb7 24. Rb1 Qa8 25. Rec1 Rfd8 26. Kf1 a5 27.
Rc3 Rxc3 28. Qxc3 Qa6+ 29. Kg1 Rc8 30. Qa3 Bf6 31. Re1 Rc2 32. Ne4 Be7 33. Qa4
Qc6 34. Qxc6 Bxc6 35. a3 Ra2 36. d5 Bb7 37. dxe6 fxe6 38. Re3 d5 39. Neg5 Bxg5
40. fxg5 d4 41. Rb3 Ra1+ 42. Kg2 Bd5 43. Rd3 e5 44. Kh3 e4 45. Rxd4 Be6+ 46.
Kh4 exf3 47. Rd3 a4 48. Rxf3 Bb3 49. Rc3 Rxa3 50. f4 Ra2 51. g4 Rxh2+ 52. Kg3
Rc2 53. Rd3 Bc4 0-1

[Event "English Open Championship"]
[Site "Kenilworth"]
[Date "2023.05.27"]
[Round "4.14"]
[White "Merriman, John"]
[Black "Pert, Max P"]
[Result "1-0"]
[WhiteElo "2297"]
[BlackElo "1848"]
[PlyCount "97"]
[EventDate "2023.05.26"]
[EventType "swiss"]
[EventRounds "7"]
[EventCountry "ENG"]
[SourceTitle "BritBase"]
[Source "John Saunders"]
[SourceDate "2023.05.30"]
[SourceVersion "1"]
[SourceVersionDate "2023.05.30"]
[SourceQuality "1"]

1. b3 d5 2. Bb2 c5 3. e3 Nc6 4. Nf3 Nf6 5. Bb5 Bg4 6. h3 Bxf3 7. Qxf3 e6 8.
Bxc6+ bxc6 9. d3 Be7 10. O-O Qc7 11. c4 O-O 12. Nc3 Nd7 13. Rac1 Bf6 14. Qe2
Qa5 15. Na4 Bxb2 16. Qxb2 Nb6 17. Nc3 Rab8 18. Qc2 Rfc8 19. f4 d4 20. exd4 cxd4
21. Ne4 Rd8 22. Qf2 f6 23. Rce1 Rb7 24. Re2 Re7 25. Rfe1 c5 26. Ng3 Kf7 27. Qf3
g6 28. f5 e5 29. Ne4 Nd7 30. Nd6+ Kg7 31. Nb7 Qc7 32. Nxd8 Qxd8 33. Rf1 Qc7 34.
h4 Rf7 35. g4 Nf8 36. Qg3 Qd7 37. Rg2 Kh8 38. g5 Qe7 39. fxg6 Nxg6 40. gxf6
Rxf6 41. Rxf6 Qxf6 42. h5 Ne7 43. Re2 Nc6 44. Rg2 Ne7 45. Qg5 Qxg5 46. Rxg5 e4
47. dxe4 Nc6 48. Kf2 d3 49. Ke3 1-0

[Event "English Open Championship"]
[Site "Kenilworth"]
[Date "2023.05.27"]
[Round "4.15"]
[White "Sedykh, Mikhail"]
[Black "Badacsonyi, Stanley"]
[Result "0-1"]
[WhiteElo "2092"]
[BlackElo "1914"]
[PlyCount "121"]
[EventDate "2023.05.26"]
[EventType "swiss"]
[EventRounds "7"]
[EventCountry "ENG"]
[SourceTitle "BritBase"]
[Source "John Saunders"]
[SourceDate "2023.05.30"]
[SourceVersion "1"]
[SourceVersionDate "2023.05.30"]
[SourceQuality "1"]

1. d4 Nf6 2. c4 g6 3. Nc3 Bg7 4. e4 d6 5. Nf3 O-O 6. Be2 e5 7. O-O Nc6 8. d5
Ne7 9. b4 a5 10. Ba3 axb4 11. Bxb4 b6 12. a4 Ne8 13. Nb5 Bd7 14. a5 bxa5 15.
Bxa5 f5 16. Nd2 Bxb5 17. cxb5 Nf6 18. Qc2 Rc8 19. f3 Bh6 20. Ra3 Qd7 21. Nc4
Qxb5 22. Nxe5 Be3+ 23. Rxe3 Qxa5 24. Nc4 Qc5 25. Rf2 fxe4 26. fxe4 Nfxd5 27.
Ref3 Rxf3 28. gxf3 Nf4 29. Bf1 Ra8 30. Qb2 Nc6 31. Qb7 Ra1 32. Qc8+ Kg7 33.
Qd7+ Kh6 34. Nd2 Ne5 35. Qe7 Rxf1+ 36. Nxf1 Nh3+ 37. Kh1 Qxf2 38. Qf8+ Kh5 39.
Ng3+ Kg5 40. Qe7+ Kf4 41. Qh4+ Kxf3 42. Qxh3 Qe1+ 43. Nf1+ Kxe4 44. Kg2 Qe2+
45. Kg1 Qg4+ 46. Ng3+ Kd5 47. Qxh7 c6 48. Qg8+ Kc5 49. Qa8 Qd1+ 50. Kg2 Qc2+
51. Kh3 g5 52. Qa5+ Kc4 53. Qa6+ Kd5 54. Qa5+ Ke6 55. Qe1 g4+ 56. Kh4 Qxh2+ 57.
Kg5 Kd7 58. Qe3 Qa2 59. Ne4 Qa5 60. Nf6+ Ke6 61. Nxg4 0-1

[Event "English Open Championship"]
[Site "Kenilworth"]
[Date "2023.05.27"]
[Round "4.16"]
[White "Shearsby, Jude"]
[Black "Liu, Jack"]
[Result "1-0"]
[WhiteElo "2102"]
[BlackElo "1915"]
[PlyCount "71"]
[EventDate "2023.05.26"]
[EventType "swiss"]
[EventRounds "7"]
[EventCountry "ENG"]
[SourceTitle "BritBase"]
[Source "John Saunders"]
[SourceDate "2023.05.30"]
[SourceVersion "1"]
[SourceVersionDate "2023.05.30"]
[SourceQuality "1"]

1. e4 c5 2. Nf3 e6 3. g3 Nc6 4. Bg2 Nf6 5. Nc3 Qc7 6. O-O a6 7. a4 Be7 8. d3 d6
9. Ng5 O-O 10. f4 Rb8 11. f5 h6 12. Nh3 Ne5 13. fxe6 Bxe6 14. Nf4 Qd7 15. Qe1
Nc6 16. Nd1 c4 17. Be3 cxd3 18. cxd3 d5 19. Nxe6 Qxe6 20. Bf4 Rbd8 21. Nc3 dxe4
22. dxe4 Nd4 23. Rd1 Bc5 24. Kh1 b6 25. Nd5 a5 26. Nxf6+ Qxf6 27. Bc7 Qc6 28.
Bxd8 Rxd8 29. Rf5 Rf8 30. Rd5 Qxa4 31. Qd2 Ne6 32. Rd7 Bb4 33. Qd5 Qc2 34. Rf1
Qxb2 35. Rdxf7 Re8 36. Qd7 1-0

[Event "English Open Championship"]
[Site "Kenilworth"]
[Date "2023.05.27"]
[Round "4.17"]
[White "Pal, Rohan"]
[Black "Southcott-Moyers, Indy"]
[Result "1/2-1/2"]
[WhiteElo "1955"]
[BlackElo "2040"]
[PlyCount "33"]
[EventDate "2023.05.26"]
[EventType "swiss"]
[EventRounds "7"]
[EventCountry "ENG"]
[SourceTitle "BritBase"]
[Source "John Saunders"]
[SourceDate "2023.05.30"]
[SourceVersion "1"]
[SourceVersionDate "2023.05.30"]
[SourceQuality "1"]

1. e4 e5 2. Nf3 Nc6 3. Bc4 Bc5 4. c3 Nf6 5. d3 d6 6. a4 a5 7. Bg5 h6 8. Bh4 Qe7
9. Nbd2 Bd7 10. Nf1 Be6 11. Bxe6 fxe6 12. Ne3 Bxe3 13. fxe3 O-O 14. O-O Qd7 15.
Qe2 Rf7 16. Nd2 Raf8 17. Bxf6 1/2-1/2

[Event "English Open Championship"]
[Site "Kenilworth"]
[Date "2023.05.27"]
[Round "4.18"]
[White "Burrows, Martin P"]
[Black "Fellowes, Billy"]
[Result "1-0"]
[WhiteElo "2131"]
[BlackElo "1824"]
[PlyCount "43"]
[EventDate "2023.05.26"]
[EventType "swiss"]
[EventRounds "7"]
[EventCountry "ENG"]
[SourceTitle "BritBase"]
[Source "John Saunders"]
[SourceDate "2023.05.30"]
[SourceVersion "1"]
[SourceVersionDate "2023.05.30"]
[SourceQuality "1"]

1. e4 Nc6 2. Nf3 d6 3. d4 Nf6 4. Nc3 g6 5. Be3 Bg7 6. Qd2 O-O 7. h3 e5 8. d5
Ne7 9. g4 Ne8 10. Bh6 c6 11. Bxg7 Nxg7 12. dxc6 bxc6 13. O-O-O Re8 14. Nxe5 Be6
15. Qxd6 Qb6 16. Qd4 c5 17. Qd6 Qa5 18. Nc4 Bxc4 19. Bxc4 Qb4 20. Bb5 Nc8 21.
Qa6 Rf8 22. a3 1-0

[Event "English Open Championship"]
[Site "Kenilworth"]
[Date "2023.05.27"]
[Round "4.19"]
[White "Gordon, Sean"]
[Black "Merriman, James"]
[Result "1/2-1/2"]
[WhiteElo "1791"]
[BlackElo "2057"]
[PlyCount "116"]
[EventDate "2023.05.26"]
[EventType "swiss"]
[EventRounds "7"]
[EventCountry "ENG"]
[SourceTitle "BritBase"]
[Source "John Saunders"]
[SourceDate "2023.05.30"]
[SourceVersion "1"]
[SourceVersionDate "2023.05.30"]
[SourceQuality "1"]

1. Nf3 Nf6 2. g3 g6 3. b3 Bg7 4. Bb2 c5 5. c4 Nc6 6. Bg2 d6 7. O-O O-O 8. d3
Bg4 9. h3 Bxf3 10. Bxf3 Qd7 11. Bg2 a6 12. Nc3 Rab8 13. Nd5 Nxd5 14. Bxg7 Ne3
15. fxe3 Kxg7 16. d4 Rbd8 17. Qd2 e5 18. dxc5 dxc5 19. Qxd7 Rxd7 20. Bxc6 bxc6
21. Rfd1 Rfd8 22. Rxd7 Rxd7 23. Kf2 Rd2 24. Ke1 Rb2 25. Rd1 Rxa2 26. Rd6 Rb2
27. Rxc6 Rxb3 28. Kf2 Rc3 29. Rxc5 e4 30. Ra5 Rxc4 31. Rxa6 h5 32. Rb6 Kh6 33.
Rb5 f5 34. Rb6 Rc7 35. Ra6 Rg7 36. Rb6 Kg5 37. h4+ Kg4 38. Kg2 g5 39. hxg5 Rxg5
40. Rb8 h4 41. gxh4 Kxh4+ 42. Kf2 Kg4 43. Rh8 Rh5 44. Rg8+ Kh4 45. Rg7 Rg5 46.
Rh7+ Kg4 47. Rf7 Kh5 48. Rh7+ Kg6 49. Rh8 Rh5 50. Rg8+ Kf6 51. Ra8 Rh2+ 52. Ke1
Kg5 53. Rg8+ Kh4 54. Rg7 Kh3 55. Rg5 Rh1+ 56. Kf2 Rh2+ 57. Ke1 Rh1+ 58. Kf2
Rh2+ 1/2-1/2

[Event "English Open Championship"]
[Site "Kenilworth"]
[Date "2023.05.27"]
[Round "4.20"]
[White "De Coverly, Roger D"]
[Black "Jones, Steven A"]
[Result "1/2-1/2"]
[WhiteElo "1945"]
[BlackElo "2174"]
[PlyCount "33"]
[EventDate "2023.05.26"]
[EventType "swiss"]
[EventRounds "7"]
[EventCountry "ENG"]
[SourceTitle "BritBase"]
[Source "John Saunders"]
[SourceDate "2023.05.30"]
[SourceVersion "1"]
[SourceVersionDate "2023.05.30"]
[SourceQuality "1"]

1. Nf3 Nf6 2. g3 g6 3. Bg2 Bg7 4. O-O d5 5. d3 O-O 6. Nbd2 Nc6 7. e4 e5 8. Re1
Re8 9. c3 dxe4 10. dxe4 Qd6 11. Qc2 Bg4 12. Nc4 Qc5 13. b3 Qe7 14. Bg5 Qc5 15.
Be3 Qf8 16. Bg5 Qc5 17. Be3 1/2-1/2

[Event "English Open Championship"]
[Site "Kenilworth"]
[Date "2023.05.27"]
[Round "4.21"]
[White "Alldritt, Nigel RE"]
[Black "Badacsonyi, Frankie"]
[Result "1/2-1/2"]
[WhiteElo "1954"]
[BlackElo "1974"]
[PlyCount "51"]
[EventDate "2023.05.26"]
[EventType "swiss"]
[EventRounds "7"]
[EventCountry "ENG"]
[SourceTitle "BritBase"]
[Source "John Saunders"]
[SourceDate "2023.05.30"]
[SourceVersion "1"]
[SourceVersionDate "2023.05.30"]
[SourceQuality "1"]

1. d4 Nf6 2. c4 e6 3. g3 d5 4. Nf3 Bb4+ 5. Bd2 Be7 6. Bg2 O-O 7. O-O c6 8. Qc2
b6 9. Bg5 Ba6 10. Nbd2 Nbd7 11. Rfd1 Rc8 12. Rac1 Re8 13. e4 dxc4 14. e5 Nd5
15. Bxe7 Qxe7 16. Nxc4 Bxc4 17. Qxc4 b5 18. Qe2 a6 19. Ne1 c5 20. dxc5 Rxc5 21.
Nd3 Rxc1 22. Rxc1 N7b6 23. Qg4 g6 24. Rc6 Qb7 25. Rc1 Qb8 26. Bxd5 1/2-1/2

[Event "English Open Championship"]
[Site "Kenilworth"]
[Date "2023.05.27"]
[Round "4.22"]
[White "Bharat Kumar, Balahari"]
[Black "Payne, Matthew J"]
[Result "1/2-1/2"]
[WhiteElo "1898"]
[BlackElo "2153"]
[PlyCount "69"]
[EventDate "2023.05.26"]
[EventType "swiss"]
[EventRounds "7"]
[EventCountry "ENG"]
[SourceTitle "BritBase"]
[Source "John Saunders"]
[SourceDate "2023.05.30"]
[SourceVersion "1"]
[SourceVersionDate "2023.05.30"]
[SourceQuality "1"]

1. d4 Nf6 2. c4 g6 3. Nc3 Bg7 4. g3 O-O 5. Bg2 d6 6. Nf3 c5 7. O-O Nc6 8. d5
Na5 9. Qd3 a6 10. e4 b5 11. Nd2 Rb8 12. Rb1 Ng4 13. cxb5 axb5 14. b3 Ba6 15. b4
Ne5 16. Qc2 Nac4 17. Nxc4 Nxc4 18. a3 Rc8 19. Rb3 Qb6 20. Re1 Rc7 21. bxc5 Qxc5
22. Na2 Na5 23. Qxc5 dxc5 24. Rb1 Nc4 25. Bf1 Rb7 26. Bxc4 bxc4 27. Rxb7 Bxb7
28. Bg5 Ra8 29. Rb1 f6 30. Bc1 Ra7 31. Be3 Rxa3 32. Rxb7 Rxa2 33. Rc7 c3 34.
Rxc5 f5 35. d6 1/2-1/2

[Event "English Open Championship"]
[Site "Kenilworth"]
[Date "2023.05.27"]
[Round "4.23"]
[White "Dilley, Jason M"]
[Black "Dasgupta, Avyukt"]
[Result "1-0"]
[WhiteElo "2059"]
[BlackElo "1788"]
[PlyCount "123"]
[EventDate "2023.05.26"]
[EventType "swiss"]
[EventRounds "7"]
[EventCountry "ENG"]
[SourceTitle "BritBase"]
[Source "John Saunders"]
[SourceDate "2023.05.30"]
[SourceVersion "1"]
[SourceVersionDate "2023.05.30"]
[SourceQuality "1"]

1. d4 Nf6 2. Bg5 Nc6 3. Bxf6 exf6 4. e3 d5 5. a3 Bf5 6. Nf3 Bd6 7. Nbd2 Qd7 8.
c4 dxc4 9. Bxc4 O-O 10. Rc1 Ne7 11. h3 Rfe8 12. Qb3 Bg6 13. O-O c6 14. Nh4 Nf5
15. Nxg6 hxg6 16. Nf3 g5 17. Bd3 Nh4 18. Nxh4 gxh4 19. Rfe1 f5 20. d5 Re5 21.
dxc6 bxc6 22. Qa4 Be7 23. Qxc6 Qxc6 24. Rxc6 f4 25. Kf1 Re8 26. e4 Rb8 27. Re2
a5 28. Rec2 Rb7 29. Bc4 g5 30. Bd5 Rb5 31. Ra6 Kg7 32. a4 Rbxd5 33. exd5 Bb4
34. Rc1 Rxd5 35. Rac6 Rd3 36. R6c2 f3 37. gxf3 Rxf3 38. Kg2 Rf5 39. Rc4 Bd2 40.
R1c2 Rd5 41. Rc5 Rd3 42. Kf1 Bf4 43. R2c3 Rd1+ 44. Ke2 Rd2+ 45. Kf3 Rxb2 46.
Rc2 Rb3+ 47. Kg4 Rb4 48. R2c4 Rb2 49. Rc2 Rb4 50. R5c4 Rb1 51. Kf5 Rh1 52. R2c3
Rf1 53. Rf3 Rg1 54. Rc5 Bd2 55. Rc7 Ra1 56. Rd3 Bf4 57. Ra7 Re1 58. Rxa5 Re2
59. Rf3 Bd2 60. Ra7 Bf4 61. Ra5 Bd2 62. Re5 1-0

[Event "English Open Championship"]
[Site "Kenilworth"]
[Date "2023.05.27"]
[Round "4.24"]
[White "Murawski, Jan"]
[Black "Jackson, Edward"]
[Result "1-0"]
[WhiteElo "1896"]
[BlackElo "1968"]
[PlyCount "113"]
[EventDate "2023.05.26"]
[EventType "swiss"]
[EventRounds "7"]
[EventCountry "ENG"]
[SourceTitle "BritBase"]
[Source "John Saunders"]
[SourceDate "2023.05.30"]
[SourceVersion "1"]
[SourceVersionDate "2023.05.30"]
[SourceQuality "1"]

1. d4 d5 2. c4 e6 3. Nc3 Nf6 4. Bg5 Nbd7 5. e3 Be7 6. Nf3 O-O 7. cxd5 exd5 8.
Bd3 c6 9. O-O Re8 10. Qc2 Nf8 11. Ne5 g6 12. f4 Ng4 13. Bxe7 Qxe7 14. Rae1 Nh6
15. e4 Qb4 16. exd5 Qxd4+ 17. Qf2 Qxf2+ 18. Kxf2 f6 19. Nc4 Rd8 20. Be4 c5 21.
d6 Nf5 22. Bxf5 Bxf5 23. Rd1 Ne6 24. Nd5 Kf7 25. a4 Bc2 26. Rd2 Bxa4 27. f5
gxf5 28. Kg1 Bb5 29. Rxf5 Nd4 30. Rxf6+ Kg7 31. Ne5 Be8 32. d7 Bg6 33. Rdf2
Rxd7 34. Nxd7 Rd8 35. Ne5 Rxd5 36. Nxg6 hxg6 37. Rf7+ Kh6 38. Rxb7 a5 39. h4
Nf5 40. Rb5 Ne3 41. Re2 Nf5 42. Rxa5 Rd1+ 43. Kh2 Rc1 44. g3 Nd4 45. Rf2 Nf5
46. Ra3 Rd1 47. Rc3 Nd6 48. Re2 c4 49. Rcc2 Rf1 50. Rf2 Re1 51. Rfd2 Re6 52.
Re2 Rf6 53. Rf2 Kg7 54. Rxf6 Kxf6 55. b3 cxb3 56. Rb2 Ke5 57. Rxb3 1-0

[Event "English Open Championship"]
[Site "Kenilworth"]
[Date "2023.05.27"]
[Round "4.25"]
[White "Jakhria, Kushal"]
[Black "Paul, Nathanael"]
[Result "1-0"]
[WhiteElo "1815"]
[BlackElo "2004"]
[PlyCount "71"]
[EventDate "2023.05.26"]
[EventType "swiss"]
[EventRounds "7"]
[EventCountry "ENG"]
[SourceTitle "BritBase"]
[Source "John Saunders"]
[SourceDate "2023.05.30"]
[SourceVersion "1"]
[SourceVersionDate "2023.05.30"]
[SourceQuality "1"]

1. d4 d5 2. c4 c6 3. Nc3 Nf6 4. e3 e6 5. Nf3 Nbd7 6. Be2 Bd6 7. O-O O-O 8. b3
b6 9. Bb2 Bb7 10. Bd3 Re8 11. Re1 e5 12. dxe5 Nxe5 13. cxd5 Nxd3 14. Qxd3 cxd5
15. Nd4 Rc8 16. Rad1 Ne4 17. Nf5 Nxc3 18. Bxc3 Bxh2+ 19. Kxh2 Qc7+ 20. Kg1 Qxc3
21. Nd6 Qxd3 22. Rxd3 Ba6 23. Rd2 g6 24. Rxd5 Rf8 25. Nxc8 Rxc8 26. Rd7 Rc2 27.
Rxa7 Be2 28. a4 Rb2 29. Rb7 b5 30. a5 Ra2 31. a6 Bd3 32. a7 Be4 33. Re7 Bc6 34.
Rc7 Bd5 35. e4 Be6 36. Rd1 1-0

[Event "English Open Championship"]
[Site "Kenilworth"]
[Date "2023.05.27"]
[Round "4.26"]
[White "Ireland, David J"]
[Black "Bak, Christopher"]
[Result "1/2-1/2"]
[WhiteElo "1911"]
[BlackElo "2010"]
[PlyCount "102"]
[EventDate "2023.05.26"]
[EventType "swiss"]
[EventRounds "7"]
[EventCountry "ENG"]
[SourceTitle "BritBase"]
[Source "John Saunders"]
[SourceDate "2023.05.30"]
[SourceVersion "1"]
[SourceVersionDate "2023.05.30"]
[SourceQuality "1"]

1. Nf3 Nf6 2. d4 b6 3. g3 Bb7 4. Bg2 d6 5. O-O Nbd7 6. b3 g6 7. Bb2 Bg7 8. Nbd2
Qc8 9. c4 O-O 10. Qc2 Re8 11. e4 e5 12. d5 Rf8 13. Nh4 Nh5 14. f4 exf4 15. Bxg7
Nxg7 16. gxf4 c6 17. Rae1 cxd5 18. exd5 Qd8 19. Nhf3 Re8 20. Rxe8+ Nxe8 21. f5
Rc8 22. fxg6 hxg6 23. Qe4 Rc7 24. Re1 Ndf6 25. Qh4 Re7 26. Ne4 Kg7 27. Nfg5 Bc8
28. Bh3 Bxh3 29. Qxh3 Qd7 30. Qc3 Qg4+ 31. Kh1 Qf5 32. h3 Re5 33. Kg2 Nxe4 34.
Nxe4 f6 35. Ng3 Qg5 36. Rxe5 fxe5 37. Kf2 Nf6 38. Qe3 Qh4 39. Kg2 Nh5 40. Nxh5+
Qxh5 41. Qe4 Qg5+ 42. Qg4 Qd2+ 43. Kg3 Qxa2 44. Qd7+ Kh6 45. Qxd6 Qxb3+ 46. Kg2
Qc2+ 47. Kg3 Qd3+ 48. Kg2 Qe2+ 49. Kg3 Qe3+ 50. Kg2 Qe2+ 51. Kg3 Qe3+ 1/2-1/2

[Event "English Open Championship"]
[Site "Kenilworth"]
[Date "2023.05.27"]
[Round "4.27"]
[White "Green, Michael"]
[Black "Verma, Shlok"]
[Result "1/2-1/2"]
[WhiteElo "1917"]
[BlackElo "1972"]
[PlyCount "113"]
[EventDate "2023.05.26"]
[EventType "swiss"]
[EventRounds "7"]
[EventCountry "ENG"]
[SourceTitle "BritBase"]
[Source "John Saunders"]
[SourceDate "2023.05.30"]
[SourceVersion "1"]
[SourceVersionDate "2023.05.30"]
[SourceQuality "1"]

1. Nf3 d5 2. c4 dxc4 3. Na3 Nf6 4. Nxc4 e6 5. g3 c5 6. Bg2 Nc6 7. O-O Be7 8. b3
O-O 9. Bb2 Nd7 10. a3 Qc7 11. d3 b5 12. Ncd2 Bb7 13. Qc2 Rac8 14. Rfc1 Qb6 15.
Qd1 Bf6 16. Rab1 Ne7 17. Bxf6 Nxf6 18. b4 cxb4 19. Rxb4 Ned5 20. Rb3 Ne3 21.
Qe1 Nxg2 22. Kxg2 Rxc1 23. Qxc1 Rc8 24. Qb2 a6 25. h3 Qa5 26. Rb4 Nd5 27. Rg4
Qc3 28. Qxc3 Rxc3 29. a4 b4 30. Rd4 f6 31. e4 e5 32. Rc4 Rxc4 33. Nxc4 Nc3 34.
a5 Na4 35. Nfd2 Nc5 36. Nb2 Bc6 37. Kf3 Kf8 38. Ke3 Ke7 39. d4 Nb7 40. Ndc4 Bb5
41. dxe5 fxe5 42. f4 Ke6 43. fxe5 Bxc4 44. Nxc4 Nc5 45. Kd4 Nb3+ 46. Kd3 Nc5+
47. Ke3 Nb3 48. Kd3 Nc5+ 49. Ke3 Nb3 50. g4 Nc5 51. h4 Nb3 52. Kd3 Nc5+ 53. Ke3
Nb3 54. g5 Nc5 55. Kd4 Nb3+ 56. Kd3 Nc5+ 57. Kc2 1/2-1/2

[Event "English Open Championship"]
[Site "Kenilworth"]
[Date "2023.05.27"]
[Round "4.28"]
[White "Brown, Tom"]
[Black "Mikalajunas, Kajus"]
[Result "0-1"]
[WhiteElo "1959"]
[BlackElo "1828"]
[PlyCount "70"]
[EventDate "2023.05.26"]
[EventType "swiss"]
[EventRounds "7"]
[EventCountry "ENG"]
[SourceTitle "BritBase"]
[Source "John Saunders"]
[SourceDate "2023.05.30"]
[SourceVersion "1"]
[SourceVersionDate "2023.05.30"]
[SourceQuality "1"]

1. d4 Nf6 2. Nf3 b6 3. c4 Bb7 4. Nc3 g6 5. d5 Bg7 6. e4 O-O 7. Be2 Na6 8. O-O
e6 9. h3 Nc5 10. Qc2 exd5 11. exd5 Re8 12. Bg5 h6 13. Bh4 g5 14. Bg3 Nfe4 15.
Nxe4 Nxe4 16. Bh2 Qf6 17. Rab1 d6 18. Bd3 Nc5 19. Bf5 Re7 20. b4 Na6 21. Rfd1
Rae8 22. Bd3 Bc8 23. Nd2 g4 24. Ne4 Qh4 25. Bg3 Qh5 26. hxg4 Bxg4 27. Rf1 f5
28. Nc3 Qg5 29. c5 f4 30. Bh2 Bf3 31. g3 fxg3 32. fxg3 Bd4+ 33. Rf2 Re1+ 34.
Rxe1 Rxe1+ 35. Bf1 Nxb4 0-1

[Event "English Open Championship"]
[Site "Kenilworth"]
[Date "2023.05.27"]
[Round "4.29"]
[White "Baer, Bruce L"]
[Black "Watson, Jacob"]
[Result "0-1"]
[WhiteElo "1950"]
[BlackElo "1886"]
[PlyCount "104"]
[EventDate "2023.05.26"]
[EventType "swiss"]
[EventRounds "7"]
[EventCountry "ENG"]
[SourceTitle "BritBase"]
[Source "John Saunders"]
[SourceDate "2023.05.30"]
[SourceVersion "1"]
[SourceVersionDate "2023.05.30"]
[SourceQuality "1"]

1. g3 d5 2. Bg2 e5 3. d3 c5 4. e4 Nf6 5. exd5 Nxd5 6. Nc3 Be6 7. Nge2 Nc6 8.
O-O Be7 9. f4 Qd7 10. fxe5 Nxe5 11. Nf4 Nxf4 12. Bxf4 Ng4 13. Qf3 O-O-O 14.
Rae1 g5 15. Bd2 h5 16. Bh3 Rdf8 17. Bxg4 hxg4 18. Qe4 Rh6 19. Qa4 Qxa4 20. Nxa4
Rfh8 21. Re2 Bd5 22. Rff2 Bd6 23. Bxg5 Rg6 24. Bf4 Bf3 25. Bxd6 Bxe2 26. Rxe2
Rxd6 27. Nxc5 f5 28. Ne6 Re8 29. Nf4 Rxe2 30. Nxe2 Kd7 31. a4 Ke6 32. Kf2 Ke5
33. d4+ Kf6 34. Ke3 Kg5 35. a5 Rh6 36. c4 Rxh2 37. c5 Kf6 38. b4 Rh1 39. Nf4
Rb1 40. Kd3 Ke7 41. Kc4 Kd7 42. b5 Ra1 43. a6 bxa6 44. Kd5 Re1 45. c6+ Kc8 46.
Kd6 axb5 47. d5 Rh1 48. Kc5 Rc1+ 49. Kxb5 Kc7 50. Ne2 Rd1 51. Nc3 Rd3 52. Kc4
Rxc3+ 0-1

[Event "English Open Championship"]
[Site "Kenilworth"]
[Date "2023.05.27"]
[Round "4.30"]
[White "Gopakumar, Siddharth"]
[Black "Wilkinson, Daniel"]
[Result "0-1"]
[WhiteElo "1890"]
[BlackElo "1994"]
[PlyCount "104"]
[EventDate "2023.05.26"]
[EventType "swiss"]
[EventRounds "7"]
[EventCountry "ENG"]
[SourceTitle "BritBase"]
[Source "John Saunders"]
[SourceDate "2023.05.30"]
[SourceVersion "1"]
[SourceVersionDate "2023.05.30"]
[SourceQuality "1"]

1. e4 c5 2. Nf3 d6 3. d4 cxd4 4. Nxd4 Nf6 5. Nc3 a6 6. g3 e5 7. Nde2 Be7 8. Bg2
Be6 9. Be3 Nbd7 10. f4 exf4 11. gxf4 O-O 12. Ng3 Rc8 13. Qd2 b5 14. f5 b4 15.
fxe6 bxc3 16. exf7+ Rxf7 17. bxc3 Ng4 18. Nf5 Nxe3 19. Nxe7+ Qxe7 20. Qxe3 Qh4+
21. Qg3 Qxg3+ 22. hxg3 Rxc3 23. Bf1 Nc5 24. O-O-O Nxe4 25. Rd3 Rfc7 26. Rxc3
Rxc3 27. Bxa6 Nxg3 28. Rd1 h5 29. a4 h4 30. Kb2 Rc6 31. Bb5 Rb6 32. Rd4 Nf5 33.
Rd5 g6 34. a5 Rb8 35. a6 h3 36. a7 Ra8 37. Rd3 h2 38. Rh3 Rxa7 39. Bc4+ Kg7 40.
Rxh2 Kf6 41. Bd3 Re7 42. Kc1 g5 43. Kd2 g4 44. Rf2 Re5 45. Bf1 Kg5 46. Rg2 Ne3
47. Rg1 Nxf1+ 48. Rxf1 g3 49. c4 Kg4 50. Kd3 g2 51. Ra1 Kg3 52. Kd4 Kh2 0-1